| 000 | 00462cam a22001331 4500 | ||
|---|---|---|---|
| 082 |
_a954.03 _bNIL |
||
| 100 | 1 |
_aNicholson, Arthur Pole, _950352 |
|
| 245 | 1 | 0 |
_aScraps of paper; _bIndia's broken treaties, her princes, and the problem, _cby A. P. Nicholson. |
| 260 |
_aLondon, _bE. Benn, limited, _c1930. |
||
| 300 |
_axi, 13-354, [1] p. _bfront., plates, fold. maps. _c26 cm. |
||
| 526 |
_a0 _b0 _c0 _d954_030000000000000_NIL |
||
| 650 |
_aMCE _9379 |
||
| 942 |
_2ddc _cBK |
||
| 999 |
_c553076 _d553076 |
||